=LDR 00000nam 2200000 4500 =001 000648 =005 20250712030043 =035 ##$$a 0010-0725000516 =007 ta =008 250712################a##########0#ind## =020 ##$$a 978-623-307-677-7 =082 ##$$a 398.209 598 =100 #$$a Arun Ann Kim =245 1#$$a Putri alam /$c Kim Ann Arun =250 ##$$a Pertama =260 ##$$a Jakarta :$b Badan pengembangan dan pembinaan bahasa,$c 2022 =300 ##$$a 16 hlm. : $b ilus. ; $c 22,9 cm =650 #4$$a Cerita anak Indonesia terjemahan =650 #4$$a Literasi bahan bacaan =084 ##$$a 398.209 598 ARU p =990 ##$$a TBM202400416